El Mediterráneo: el espacio y la historia

Uloženo v:
Podrobná bibliografie
Hlavní autor: Braudel, Fernand (Autor)
Médium: Kniha
Jazyk:španělština
Vydáno: Ciudad de México Fondo de Cultura Económica 1989
Vydání:1a. ed
Témata:
Tagy: Přidat tag
Žádné tagy, Buďte první, kdo vytvoří štítek k tomuto záznamu!

MARC

LEADER 00000nam a2200000 a 4500
001 UCG2270
003 CL-VaPUC
008 100701e19890000MX |||||||||||||||||spa|d
020 |a 9789681632953 
082 0 4 |a 909.09822  |b BRA  |2 21 
100 0 |a Braudel, Fernand  |e author  |9 463728 
245 1 3 |a El Mediterráneo: el espacio y la historia 
250 |a 1a. ed 
300 |a 172 p 
942 |c BK 
945 |d 20100701 00:00:00  |a dcastane 
260 |a Ciudad de México  |b Fondo de Cultura Económica  |c 1989 
600 0 7 |a MAR MEDITERRANEO  |2 CL-VaPUC  |9 550689 
650 0 |a Civilizaciones  |9 267192 
651 7 |a REGION MEDITERRANEA  |2 CL-VaPUC  |9 326120 
583 |a last modification  |c 20100701 00:00:00  |k Rodrigo Vera 
999 |c 341491  |d 341489 
952 |0 0  |1 0  |4 0  |6 909_098220000000000_BRA_1989  |7 0  |8 A  |9 437041  |a BIBHIS  |b BIBHIS  |d 2019-11-22  |i 4693159  |l 3  |m 2  |o 909.09822 BRA 1989  |p 4693159  |r 2025-01-20  |s 2022-10-25  |w 2019-11-22  |y BK  |k HIS